000 00715nam a2200217 a 4500
005 20250618063842.0
008 991125s1936 pe 000 0 spa u
035 _aUPN01000006741
049 _aCG
050 4 _aF1219.3 E3
_bS3.2
100 1 _aSáenz Garza, Moisés,
_d1888-1941
245 1 0 _aCarapan :
_bbosquejo de una experiencia /
_cpor Moisés Sáenz Garza.
260 _aLima :
_bLibrería e Impr. Gil,
_c1936.
300 _a352 p.
590 _a(También localizas un ejemplar en el "Area de Reserva")
590 _aBibliografía Básica (BGTQ)
650 4 _aIndígenas de México
_9457
651 4 _aMICHOACAN -
_xCONDICIONES SOCIALES
_910796
650 4 _aEDUCACION -
_zMICHOACAN
_917639
905 _aLibro
999 _c6741
_d6741